| 000 | 01024nam a2200277Ia 4500 | ||
|---|---|---|---|
| 001 | Para_3193 | ||
| 003 | CHAP | ||
| 008 | 220125s1986 xx 000 0 und d | ||
| 010 | _a201655 | ||
| 040 | _cCHAP | ||
| 090 | _aPA TESIS 426 | ||
| 100 |
_aZárate Méndez, Rafael _9124116 |
||
| 245 |
_aDinámica poblacional del piojo harinoso Dysmicoccus brevipes CKL vector del virus de la marchítez roja de la piña Aranas comosus (L) Meer y su combate químico en la cuenca baja del Papaloapan, México / _c Rafael Zárate Méndez |
||
| 260 |
_aChapingo, Méx. : _b El autor |
||
| 300 | _a61 h. | ||
| 502 | _aTesis (Ing. Agr. Esp. en Parasitología Agrícola) -- UACh. Departamento de Parasitología Agrícola | ||
| 650 |
_aDysmicoccus brevipes _934820 |
||
| 710 |
_aUACh. Departamento de Parasitología Agrícola _9115877 |
||
| 901 | _aPA TESIS 426 | ||
| 902 | _aA | ||
| 905 | _a0000001986 CHAai 0000000000 00 | ||
| 910 | _a1986 | ||
| 942 | _cPARA | ||
| 942 |
_cPARA _d1 |
||
| 999 |
_c201655 _d201655 |
||